Variable Structure Systems, Sliding Mode and Nonlinear Control

This book comprises a selection of papers that were first presented at VSS98 (5th International Workshop on Variable Structure Systems) held in Sarasota, Florida. This workshop was the fifth in a series of VSS international workshops, and the first to be held in the United States. Work presented her...

Πλήρης περιγραφή

Λεπτομέρειες βιβλιογραφικής εγγραφής
Συγγραφή απο Οργανισμό/Αρχή: SpringerLink (Online service)
Άλλοι συγγραφείς: Young, K.D (Επιμελητής έκδοσης, http://id.loc.gov/vocabulary/relators/edt), Özgüner, Ü (Επιμελητής έκδοσης, http://id.loc.gov/vocabulary/relators/edt)
Μορφή: Ηλεκτρονική πηγή Ηλ. βιβλίο
Γλώσσα:English
Έκδοση: London : Springer London : Imprint: Springer, 1999.
Έκδοση:1st ed. 1999.
Σειρά:Lecture Notes in Control and Information Sciences, 247
Θέματα:
Διαθέσιμο Online:Full Text via HEAL-Link
LEADER 04494nam a2200601 4500
001 978-1-84628-540-0
003 DE-He213
005 20191024041547.0
007 cr nn 008mamaa
008 100730s1999 xxk| s |||| 0|eng d
020 |a 9781846285400  |9 978-1-84628-540-0 
024 7 |a 10.1007/BFb0109967  |2 doi 
040 |d GrThAP 
050 4 |a QC174.7-175.36 
072 7 |a PHS  |2 bicssc 
072 7 |a SCI055000  |2 bisacsh 
072 7 |a PHS  |2 thema 
072 7 |a PHDT  |2 thema 
082 0 4 |a 621  |2 23 
245 1 0 |a Variable Structure Systems, Sliding Mode and Nonlinear Control  |h [electronic resource] /  |c edited by K.D. Young, Ü. Özgüner. 
250 |a 1st ed. 1999. 
264 1 |a London :  |b Springer London :  |b Imprint: Springer,  |c 1999. 
300 |a VIII, 390 p. 132 illus.  |b online resource. 
336 |a text  |b txt  |2 rdacontent 
337 |a computer  |b c  |2 rdamedia 
338 |a online resource  |b cr  |2 rdacarrier 
347 |a text file  |b PDF  |2 rda 
490 1 |a Lecture Notes in Control and Information Sciences,  |x 0170-8643 ;  |v 247 
505 0 |a Sliding sector for variable structure system -- On discrete variable structure control with switching sector -- Variable structure control of nonlinear sampled data systems by second order sliding modes -- On sampled data variable structure control systems -- Sliding mode control of systems with delayed states and controls -- On global stabilization of nonlinear dynamical systems -- A general canonical form for sliding mode control of nonlinear systems -- Handling stiction with variable structure control -- Equivalent value filters in disturbance estimation and state observation -- Sliding mode control of a car-like mobile robot using single-track dynamic model -- Park vector based sliding mode control of UPS with unbalanced and nonlinear load -- Dynamical adaptive sliding mode control of observable minimum-phase uncertain nonlinear systems -- Symbolic computing tools for nonsmooth dynamics and control -- Sliding mode control with gain scheduled hyperplane for LPV plant -- A study on parameterized output feedback sliding mode controller -- Sliding mode tracking control of systems with unstable zero dynamics -- On second order sliding mode controllers -- A tale of two discontinuities -- The problem of chattering: an averaging approach. 
520 |a This book comprises a selection of papers that were first presented at VSS98 (5th International Workshop on Variable Structure Systems) held in Sarasota, Florida. This workshop was the fifth in a series of VSS international workshops, and the first to be held in the United States. Work presented herein on theoretical developments and applications on VSS and Sliding Mode, reflects how trends have advanced beyond the original ideas that are now well documented in a number of books and research monographs. In particular, the concepts of Sliding Sector and Second Order Sliding Mode introduced in this volume, will stimulate discussions and invite further extensions. Also, the focus on Sampled Data systems represents a positive trend towards practical industrial implementations of sliding mode controllers. 
650 0 |a Statistical physics. 
650 0 |a Dynamical systems. 
650 0 |a Control engineering. 
650 0 |a Robotics. 
650 0 |a Mechatronics. 
650 0 |a Engineering economics. 
650 0 |a Engineering economy. 
650 1 4 |a Complex Systems.  |0 http://scigraph.springernature.com/things/product-market-codes/P33000 
650 2 4 |a Control, Robotics, Mechatronics.  |0 http://scigraph.springernature.com/things/product-market-codes/T19000 
650 2 4 |a Engineering Economics, Organization, Logistics, Marketing.  |0 http://scigraph.springernature.com/things/product-market-codes/T22016 
650 2 4 |a Statistical Physics and Dynamical Systems.  |0 http://scigraph.springernature.com/things/product-market-codes/P19090 
700 1 |a Young, K.D.  |e editor.  |4 edt  |4 http://id.loc.gov/vocabulary/relators/edt 
700 1 |a Özgüner, Ü.  |e editor.  |4 edt  |4 http://id.loc.gov/vocabulary/relators/edt 
710 2 |a SpringerLink (Online service) 
773 0 |t Springer eBooks 
776 0 8 |i Printed edition:  |z 9781852331979 
776 0 8 |i Printed edition:  |z 9781447139553 
830 0 |a Lecture Notes in Control and Information Sciences,  |x 0170-8643 ;  |v 247 
856 4 0 |u https://doi.org/10.1007/BFb0109967  |z Full Text via HEAL-Link 
912 |a ZDB-2-ENG 
912 |a ZDB-2-LNI 
912 |a ZDB-2-BAE 
950 |a Engineering (Springer-11647)